| 000 | 00767cam a2200217 i 4500 | ||
|---|---|---|---|
| 003 | OSt | ||
| 005 | 20260701113351.0 | ||
| 008 | 230518s2024 nyu b 001 0 eng | ||
| 020 |
_a9780367367152 _q(hbk) |
||
| 020 |
_a9780367367169 _q(pbk) |
||
| 020 |
_z9780429350931 _q(ebk) |
||
| 040 |
_aKABLIB _beng _erda _cKABLIB |
||
| 082 | 0 | 0 |
_a370.72 _223 _bEDU |
| 245 | 0 | 0 |
_aEducational research for early childhood studies projects : _bA step-by-step guide for student practitioners / _c Jan Gourd. [Editor] |
| 264 | 1 |
_aNew York : _bRoutledge, Taylor & Francis Group, _cc2024. |
|
| 300 |
_ax, 126 p. ; _c25 cm |
||
| 504 | _aIncludes bibliographical references, index. | ||
| 650 | 0 |
_aEarly childhood education _94441 |
|
| 700 | 1 |
_aGourd, Jan, _eeditor. _915846 |
|
| 942 |
_2ddc _cBOOK |
||
| 999 |
_c6230 _d6230 |
||